1225 1145 1775 1937 1782 1777 1601 1757 1221 1636 1242 1997 1139 1816 1900 1490 1709 1101 1551 1522 1874 1543 1139 1851 1867 1888 1097 1489 1348 1723 1539 1373 1849 1732 1511 1731 1553 1859 1574 1052 1196 1550 1824 1530 1344 1419 1465 1131 1265 1713 1116 1161 1718 1362 1731 1733 1354 1219 1322 1350 1001 1549 1561 1781 1543 1603 1937 1329 1786 1946 1105 1442 1961 1639 1410 1949 1758 1879 1179 1145 1152 1382 1513 1744 1403 1815 1367 1969 1919 1611 1596 1741 1057 1672 1279 1959 1565 1522 1052 BCNSPRNW ULIB Ver.6.0+V

เปลี่ยนเป็นภาษาไทย

Change to English
 แสดงรายละเอียดบรรณานุกรม
  กลับหน้าหลัก

Brief Record : Get Marc (ISO 2709) : E-mail record : QR code < ปิดหน้าต่าง
LEADER : 00000nam 2200000uu 4500
001    13399115310
003     ULIB
008    120810s2553||||th 000 0 tha d
020    9786165000703
090    นว.^bม623ห
100 0  มุกเรียง
245 00 ห้วงรักนิรมิต /^cมุกเรียง
260    กรุงเทพฯ:^cพิมพ์คำ,^c2553
300    259 หน้า
945    ^p180^l0^i032311
995    เกษร
999 ^a วิภา
รายการนี้ยังไม่มีแท็ก
คุณยังไม่ได้ล็อกอิน คุณสามารถมีกิจกรรมร่วมกับเว็บไซต์ได้ แต่ต้องล็อกอินก่อน ::
  ล็อกอิน

รายการสื่อสารสนเทศ

ลำดับที่ ประเภท เลขเรียก/บาร์โค้ด สถานที่ สถานะ
1. นวนิยาย
นวนิยาย
นว. ม623ห  
  Barcode: 032311
ห้องสมุดวิทยาเขตสวรรค์ประชารักษ์
►นวนิยาย
บนชั้น
  ขอยืม

รายการใกล้เคียง
    ผู้แต่ง [มุกเรียง]

BibComment


ยังไม่เคยถูกคอมเมนท์

คอมเมนท์ทรัพยากรรายการนี้
  คอมเมนท์: ห้วงรักนิรมิต มุ..


 Copyright 2026. Bcnsprnw @Library